| 000 | 00602nam a22002172 4500 | ||
|---|---|---|---|
| 001 | 0000004729 | ||
| 005 | 20151217145821.0 | ||
| 008 | 070528s xx 000 0 eng d | ||
| 020 |
_a0195513681 : _cKES 4,499 |
||
| 040 |
_aKABU _cKABU |
||
| 050 | 0 |
_aQL362 _b.I58 2001 |
|
| 245 | 1 | 0 |
_aInvertebrate Zoology / _ced. by D. T. Anderson. |
| 250 | _a2nd ed. | ||
| 260 |
_aOxford : _bOUP, _c2001. |
||
| 300 | _axi, 4776 p. | ||
| 650 | 0 |
_aInvertebrates. _@0000155465 |
|
| 700 | 1 |
_aAnderson, D. T. _@0000155471 |
|
| 908 | _a070528 | ||
| 950 | _@1 | ||
| 999 |
_c2875 _d2875 |
||